000 00753nas a2200253 4500
001 BR7804040
003 BR-BrBNA
005 20231205083501.0
007 ta
008 230509b bl.|||p| |||| 00| 00por d
040 _aBR-BrBNA
_bpor
_cBiblioteca Nacional de Agricultura
041 _a(Pt)
072 _aL10
100 1 _aMosse, G.
100 1 _aBenedito, V.A.
245 1 _aSincronizacao de cio com cloprostenol em vacas leiteiras
650 _aMelhoramento genetico animal
650 _aVaca leiteira
650 _aCiclo estral
650 _aSincronizacao do cio
773 0 _tAgricultura e Pecuaria (Brazil)
_xISSN 0100-249X
_g(Dec 1978), (no. 626) p. 32-33
_wBR7804040
909 _a202311
_bLúcia
_c55
_dLúcia Elande
942 _2AGRIS
_n0
_cANA
999 _c99101
_d99101